| 000 | 00661nam a22001337a 4500 | ||
|---|---|---|---|
| 040 | _cRUA | ||
| 082 | _aAGR KEU 2022 B1.410 Or.1 | ||
| 100 | _aKEUN PHIRUN , កឺន ភីរុន | ||
| 245 | _aAdaptability of different chili pepper (Capsicum annum) varieties in rainy season condition, ភាពបន្ស៊ាំនៃពូជម្ទេសដៃនាងផ្សេងៗគ្នា (Capsicum annum)ក្នុងលក្ខខណ្ឌរដូវវស្សា | ||
| 260 |
_aPHNOM PENH _bRUA _c2022 |
||
| 300 |
_ax, _bill, _c29cm, |
||
| 856 | _uhttps://drive.google.com/file/d/1WBvzVQEJ_jIzGrybDnxU8_9UaOCVfhDP/view?usp=sharing | ||
| 942 | _cAGR | ||
| 999 |
_c24186 _d24186 |
||